À procura de Nemo (Registo nº 3225)
[ vista simples ]
| 000 -Etiqueta do registo | |
|---|---|
| Cabeçalho | 00876nam a22002891 4500 |
| 005 - Identificador da versão | |
| Campo de controlo | 20240813121956.0 |
| 095 ## - | |
| -- | PTBN00502045 |
| 010 ## - Número internacional normalizado dos livros (ISBN) | |
| Número (ISBN) | 972750650X |
| 021 ## - Número do Depósito Legal | |
| Código do país | PT |
| Número | 198606/03 |
| 100 ## - Dados gerais de processamento | |
| Dados gerais de processamento | 20080104d2003 cd y0pory5003 ba |
| 102 ## - Pais de publicação ou produção | |
| País de publicação | Portugal |
| 101 1# - Língua de publicação | |
| Língua do texto, banda sonora, etc. | Português |
| Língua do documento no original | Inglês |
| 106 ## - Campo de dados codificados: material textual | |
| Dados codificados do material textual | r |
| 105 ## - Campo de dados codificados: livros | |
| Dados codificados dos livros | a z 000fy |
| 215 ## - Descrição física | |
| Indicação específica da natureza do documento e extensão da espécie | 23, [9] p. |
| Outras indicações físicas | todo il. |
| Dimensões | 23 cm |
| 200 1# - Titulo e menção de responsabilidade | |
| Título próprio | À procura de Nemo |
| Informação de outro título | livros a cores com histórias, jogos e passatempos |
| Primeira menção de responsabilidade | Walt Disney |
| Outras menções de responsabilidade | trad. Teresa Augusto |
| 225 2# - Colecção | |
| Título próprio da colecção | Histórias multieducativas Disney |
| 210 ## - Publicação, Distribuição, etc. | |
| Lugar da edição, distribuição, etc. | Rio de Mouro |
| Nome do editor, distribuidor, etc. | Everest |
| Data da publicação, distribuição, etc. | D.L. 2003 |
| 606 ## - Nome comum usado como assunto | |
| Número de registo de entrada de autoridade | 0002334 |
| Palavra de ordem | Literatura estrangeira infanto-juvenil |
| 675 ## - Classificação Decimal Universal (CDU) | |
| Notação | 82-93 |
| Edição | 2ª |
| Língua da edição | por |
| 702 #1 - Nome de autor-pessoa física (responsabilidade secundária) | |
| Número de registo de entrada de autoridade | 0000645 |
| Palavra de ordem | Augusto |
| Outra parte do nome não tomada para palavra de ordem | Teresa |
| Código de função | Tradutor |
| 700 #1 - Nome de autor-pessoa física (responsabilidade principal) | |
| Número de registo de entrada de autoridade | 0002514 |
| Palavra de ordem | Disney |
| Outra parte do nome não tomada para palavra de ordem | Walt |
| Datas | 1901-1966 |
| 942 ## - Elementos de entrada adicionados (Koha) | |
| Tipo de item no Koha | Livro |
| Situação do levantamento | Origin of item (home branch) (coded) | Biblioteca de empréstimo | Código de barras | Cota | Circulation type (not for loan) | Tipo de documento | Nota do exemplar | Damaged status |
|---|---|---|---|---|---|---|---|---|
| Biblioteca Escolar da Coca Maravilhas | Biblioteca Escolar da Coca Maravilhas | BECM8277/08 | 8EST DIS | Livro | Sem mensagem |
